[Event "XXV Festival Conca della Presolana A"]
[Site "Bratto - Castione della Presolana ITA"]
[Date "2005.08.27"]
[Round "8"]
[White "Ticozzi, Stefano"]
[Black "Ranfagni, Stefano"]
[Result "1/2-1/2"]
[WhiteElo "2088"]
[BlackElo "1934"]
[PlyCount "112"]
[EventDate "2005.08.20"]

1. d4 e6 2. Nf3 f5 3. c4 Nf6 4. Nc3 Be7 5. g3 O-O 6. Bg2 c6 7. O-O d5 8. b3 Bd7
9. Bf4 Be8 10. Bxb8 Rxb8 11. Ne5 Nd7 12. Nd3 a6 13. c5 Kh8 14. e3 g5 15. f4 g4
16. Qe2 Kg7 17. b4 h5 18. Kf2 Rh8 19. Qc2 h4 20. Rh1 Bg6 21. Rab1 Nf6 22. a4
Nh5 23. Ne2 h3 24. Bf1 Nf6 25. Nc3 Nh5 26. Ne5 Bh4 27. Ne2 Bf6 28. Qc3 Qe7 29.
Ke1 Rhd8 30. Nd3 Be8 31. Nec1 Qc7 32. Ne5 Qe7 33. Bd3 Bg6 34. Qc2 Bxe5 35. fxe5
Qg5 36. Qe2 Rf8 37. Rf1 Rf7 38. Rf2 Rbf8 39. Qd2 Qh6 40. Ne2 Re8 41. Nf4 Nxf4
42. exf4 Ra8 43. b5 axb5 44. axb5 Qh8 45. Qb4 Qd8 46. Rbb2 Ra1+ 47. Bb1 Qa5 48.
Qxa5 Rxa5 49. bxc6 bxc6 50. Rb6 Rc7 51. Kd2 Be8 52. Kc3 Rca7 53. Rfb2 Ra3+ 54.
R2b3 Kf8 55. Kb2 R3a4 56. R6b4 Ke7 1/2-1/2

[Event "XXV Festival Conca della Presolana A"]
[Site "Bratto - Castione della Presolana ITA"]
[Date "2005.08.27"]
[Round "8"]
[White "Vaccari, Sergio"]
[Black "Gardi, Giuseppe"]
[Result "0-1"]
[WhiteElo "2063"]
[BlackElo "2099"]
[PlyCount "76"]
[EventDate "2005.08.20"]

1. e4 g6 2. d4 d6 3. Bd3 Bg7 4. Ne2 c6 5. O-O Qb6 6. c3 e5 7. Bc4 Nf6 8. f3 O-O
9. Qb3 Nbd7 10. Be3 Qc7 11. a4 b6 12. Nd2 Bb7 13. h3 Rae8 14. g4 d5 15. Bd3 c5
16. dxc5 Nxc5 17. Qc2 Rd8 18. Bxc5 Qxc5+ 19. Kg2 Qe3 20. Rfd1 h5 21. Nf1 Qc5
22. g5 dxe4 23. fxe4 Nh7 24. h4 f6 25. b4 Qc8 26. gxf6 Qg4+ 27. Neg3 Nxf6 28.
Nh2 Qc8 29. Be2 Bh6 30. Bf3 Qc4 31. Nhf1 Kh7 32. Nd2 Qe6 33. Qa2 Qe7 34. Nc4
Bc8 35. Qe2 Bg4 36. Rxd8 Rxd8 37. Rd1 Bxf3+ 38. Qxf3 Rf8 0-1

[Event "XXV Festival Conca della Presolana A"]
[Site "Bratto - Castione della Presolana ITA"]
[Date "2005.08.27"]
[Round "8"]
[White "Vancini, Edoardo"]
[Black "Capone, Vincenzo"]
[Result "1-0"]
[WhiteElo "2282"]
[BlackElo "2123"]
[PlyCount "83"]
[EventDate "2005.08.20"]

1. d4 Nf6 2. Bg5 g6 3. Bxf6 exf6 4. g3 Bg7 5. Bg2 f5 6. e3 d6 7. Ne2 Nd7 8. c4
Nf6 9. Nd2 O-O 10. O-O Re8 11. Qc2 Qe7 12. Nc3 c6 13. b4 h5 14. a4 h4 15. a5
hxg3 16. hxg3 Ng4 17. Rfe1 f4 18. gxf4 Bf5 19. Qd1 Qh4 20. Qf3 d5 21. cxd5 cxd5
22. Nxd5 Qh2+ 23. Kf1 Bd3+ 24. Re2 Qh5 25. Ke1 Bxd4 26. Rd1 Rad8 27. Nb3 Bxe2
28. Qxe2 Bg7 29. Nc5 Rxd5 30. Rxd5 Bc3+ 31. Rd2 Bxb4 32. Ne4 Kg7 33. Ng5 Qh4
34. Kf1 Bxd2 35. Qxd2 Qxf2+ 36. Qxf2 Nxf2 37. Kxf2 f6 38. Nf3 b6 39. a6 Rc8 40.
Nd4 Rc3 41. Bb7 Ra3 42. Nb5 1-0

[Event "XXV Festival Conca della Presolana A"]
[Site "Bratto - Castione della Presolana ITA"]
[Date "2005.08.27"]
[Round "8"]
[White "Vezzosi, Paolo"]
[Black "Shytaj, Carlo"]
[Result "1-0"]
[WhiteElo "2380"]
[BlackElo "2212"]
[PlyCount "93"]
[EventDate "2005.08.20"]

1. d4 Nf6 2. c4 c5 3. d5 b5 4. cxb5 a6 5. bxa6 Bxa6 6. Nc3 d6 7. Nf3 g6 8. h3
Bg7 9. e4 Bxf1 10. Kxf1 Nbd7 11. Kg1 O-O 12. Kh2 Nb6 13. Re1 Ne8 14. Re2 Nc7
15. Bg5 Qd7 16. Rc1 Rfe8 17. Kg1 Nb5 18. Nxb5 Qxb5 19. b3 Nd7 20. Rcc2 Ne5 21.
Nxe5 Bxe5 22. Be3 Qb7 23. f4 Bg7 24. f5 Qd7 25. Rf2 Reb8 26. Qf3 Qe8 27. h4 Be5
28. g4 Rb4 29. Kg2 c4 30. Bd2 cxb3 31. axb3 Rb5 32. b4 Rbb8 33. g5 Rc8 34. Rxc8
Rxc8 35. fxg6 hxg6 36. h5 f6 37. gxf6 exf6 38. hxg6 Qxg6+ 39. Kf1 Kf7 40. Rg2
Qh7 41. Qg4 Re8 42. Kf2 Bd4+ 43. Kf3 Re5 44. Bh6 Ke7 45. Qg7+ Qxg7 46. Rxg7+
Ke8 47. Bf4 1-0

[Event "XXV Festival Conca della Presolana A"]
[Site "Bratto - Castione della Presolana ITA"]
[Date "2005.08.27"]
[Round "8"]
[White "Vinciguerra, Marco"]
[Black "Bertagia, Roldano"]
[Result "1-0"]
[WhiteElo "2096"]
[BlackElo "2002"]
[PlyCount "47"]
[EventDate "2005.08.20"]

1. e4 e5 2. Bc4 Nf6 3. d4 exd4 4. Nf3 Bb4+ 5. c3 dxc3 6. O-O d6 7. e5 c2 8.
Qxc2 dxe5 9. Qa4+ Nc6 10. Nxe5 Bd6 11. Nxf7 Qe7 12. Bd2 Bd7 13. Re1 Ne4 14.
Nxd6+ cxd6 15. Rxe4 Ne5 16. Bb5 O-O 17. Bxd7 Rf7 18. Bb5 Kh8 19. Nc3 Raf8 20.
Rf1 Qe6 21. Bc4 Nf3+ 22. gxf3 Qh3 23. Bxf7 Qxf3 24. Qe8 1-0

[Event "XXV Festival Conca della Presolana A"]
[Site "Bratto - Castione della Presolana ITA"]
[Date "2005.08.27"]
[Round "8"]
[White "Vinzoni, Andrea"]
[Black "Cecchetto, Vanni"]
[Result "1-0"]
[WhiteElo "2108"]
[BlackElo "2019"]
[PlyCount "139"]
[EventDate "2005.08.20"]

1. d4 Nf6 2. c4 c5 3. d5 e6 4. Nc3 exd5 5. cxd5 d6 6. Nf3 g6 7. g3 Bg7 8. Bg2
O-O 9. O-O Na6 10. Nd2 Nc7 11. a4 b6 12. Nc4 Ba6 13. Qb3 Bxc4 14. Qxc4 Rb8 15.
Nb5 Nxb5 16. Qxb5 Re8 17. Bd2 Ne4 18. Bxe4 Rxe4 19. Bc3 Qe7 20. e3 Qb7 21. Rfd1
a6 22. Qd3 Rbe8 23. Bxg7 Kxg7 24. Rdc1 b5 25. axb5 axb5 26. Ra5 c4 27. Qc3+ Kg8
28. Qb4 Qxd5 29. Rxb5 Qd3 30. Qc3 Qe2 31. Rd5 R4e6 32. Rcd1 Rd8 33. Qd2 Qxd2
34. R1xd2 Rb8 35. Rc2 Rb4 36. Rd4 d5 37. Rxd5 Reb6 38. Rc5 Kg7 39. R5xc4 Rxc4
40. Rxc4 Rxb2 41. g4 g5 42. Kg2 Kg6 43. Rc6+ f6 44. Kg3 h6 45. h3 Rb1 46. h4
gxh4+ 47. Kxh4 Rh1+ 48. Kg3 h5 49. gxh5+ Rxh5 50. f4 Ra5 51. Kg4 Ra7 52. e4 Kf7
53. Rb6 Ke7 54. Kf5 Ra5+ 55. e5 fxe5 56. fxe5 Ra7 57. Rh6 Ra5 58. Rh7+ Kf8 59.
Kf6 Kg8 60. Rg7+ Kh8 61. Rd7 Ra8 62. e6 Kg8 63. Rg7+ Kh8 64. Rg1 Ra2 65. e7
Rf2+ 66. Ke6 Re2+ 67. Kf7 Rf2+ 68. Ke8 Rd2 69. Rg5 Rd1 70. Kf7 1-0

[Event "XXV Festival Conca della Presolana A"]
[Site "Bratto - Castione della Presolana ITA"]
[Date "2005.08.27"]
[Round "8"]
[White "Virzi, Ettore"]
[Black "Kidane, Robel"]
[Result "0-1"]
[WhiteElo "2008"]
[BlackElo "2120"]
[PlyCount "86"]
[EventDate "2005.08.20"]

1. e4 c5 2. Nf3 d6 3. d4 cxd4 4. Nxd4 Nf6 5. Nc3 a6 6. Be3 Ng4 7. Bg5 h6 8. Bh4
g5 9. Bg3 Bg7 10. h3 Ne5 11. f3 Nbc6 12. Bf2 Nxd4 13. Bxd4 Be6 14. h4 Qa5 15.
Qd2 Rc8 16. hxg5 hxg5 17. Rxh8+ Bxh8 18. Rd1 Kd7 19. Nd5 Qxd2+ 20. Rxd2 Bxd5
21. exd5 Ng6 22. c4 Bxd4 23. Rxd4 Ne5 24. f4 gxf4 25. Rxf4 Rg8 26. g4 Rxg4 27.
Rxg4 Nxg4 28. Bh3 f5 29. Bxg4 fxg4 30. Kf2 e5 31. Kg3 b5 32. cxb5 axb5 33. b4
Ke7 34. Kxg4 Kf6 35. Kf3 Kf5 36. Ke3 e4 37. a4 bxa4 38. b5 a3 39. b6 a2 40. b7
a1=Q 41. b8=Q Qe1+ 42. Kd4 Qd2+ 43. Kc4 Qc2+ 0-1

[Event "XXV Festival Conca della Presolana A"]
[Site "Bratto - Castione della Presolana ITA"]
[Date "2005.08.27"]
[Round "8"]
[White "Vocaturo, Daniele"]
[Black "Iordachescu, Viorel"]
[Result "0-1"]
[WhiteElo "2372"]
[BlackElo "2606"]
[PlyCount "110"]
[EventDate "2005.08.20"]

1. e4 e5 2. Nf3 Nf6 3. d4 Nxe4 4. Bd3 Nc6 5. dxe5 d5 6. exd6 Nxd6 7. O-O Be7 8.
c3 Bg4 9. Bf4 Qd7 10. Nbd2 O-O-O 11. Qa4 Bf5 12. Bxf5 Qxf5 13. Be3 a6 14. Nb3
Rhe8 15. Nbd4 Nxd4 16. Nxd4 Qd5 17. Rad1 Bf6 18. Nb3 Qc4 19. Qa5 Qb5 20. Qxb5
axb5 21. a3 Nc4 22. Bc1 b6 23. Rxd8+ Rxd8 24. Na1 c5 25. Nc2 Kb7 26. Re1 Ne5
27. Ne3 Nd3 28. Rd1 Bg5 29. h4 Bxh4 30. g3 Bg5 31. f4 Bf6 32. Kf1 Nxc1 33. Rxc1
Rd2 34. Rc2 Rxc2 35. Nxc2 Kc6 36. Ke2 Kd5 37. Kd3 c4+ 38. Ke3 Be7 39. Kf3 Bc5
40. Ne1 f5 41. Ng2 Ke6 42. Nh4 Be7 43. Ng2 g5 44. Ne3 h6 45. Nf1 Bc5 46. Nd2
Kd5 47. Ke2 g4 48. Nf1 h5 49. Nd2 Be7 50. Ke3 Bf6 51. Nf1 h4 52. gxh4 Bxh4 53.
Nd2 Be7 54. Kf2 Bc5+ 55. Ke2 Bg1 0-1

[Event "XXV Festival Conca della Presolana A"]
[Site "Bratto - Castione della Presolana ITA"]
[Date "2005.08.27"]
[Round "8"]
[White "Xia, Jie"]
[Black "Agnelli, Francesco"]
[Result "0-1"]
[WhiteElo "2121"]
[BlackElo "2055"]
[PlyCount "57"]
[EventDate "2005.08.20"]

1. e4 c5 2. Nf3 Nc6 3. d4 cxd4 4. Nxd4 e5 5. Nb5 d6 6. N1c3 a6 7. Na3 b5 8. Nd5
f5 9. Bxb5 axb5 10. Nxb5 Ra4 11. b4 Qh4 12. O-O Nf6 13. c3 Ra6 14. Nbc7+ Kd8
15. b5 Ra7 16. bxc6 Rxc7 17. Nxc7 Kxc7 18. Qa4 Qxe4 19. Qa7+ Kxc6 20. Be3 Nd5
21. Rab1 Qc4 22. Bb6 Bb7 23. Rfd1 Qa6 24. c4 Nxb6 25. Rxb6+ Qxb6 26. Qa4+ Kc7
27. c5 Qc6 28. Qa5+ Kc8 29. cxd6 0-1

[Event "XXV Festival Conca della Presolana A"]
[Site "Bratto - Castione della Presolana ITA"]
[Date "2005.08.27"]
[Round "8"]
[White "Zanellato, Lorenzo"]
[Black "Piantoni, Roberto"]
[Result "1/2-1/2"]
[WhiteElo "2087"]
[BlackElo "2186"]
[PlyCount "28"]
[EventDate "2005.08.20"]

1. d4 Nf6 2. c4 e5 3. dxe5 Ng4 4. Bf4 Nc6 5. Nf3 Bb4+ 6. Nbd2 Qe7 7. e3 Ngxe5
8. Nxe5 Nxe5 9. Be2 d6 10. O-O Bxd2 11. Qxd2 O-O 12. Qc3 Re8 13. Rac1 Bf5 14.
c5 dxc5 1/2-1/2

[Event "XXV Festival Conca della Presolana A"]
[Site "Bratto - Castione della Presolana ITA"]
[Date "2005.08.28"]
[Round "9"]
[White "Aglietti, Graziano"]
[Black "Ricci, Marco"]
[Result "1/2-1/2"]
[WhiteElo "2048"]
[BlackElo "2147"]
[PlyCount "30"]
[EventDate "2005.08.20"]

1. e4 e6 2. d4 d5 3. Nc3 Nf6 4. Bg5 Be7 5. e5 Nfd7 6. h4 a6 7. Qg4 Bxg5 8. hxg5
c5 9. g6 f5 10. exf6 Nxf6 11. Qf4 cxd4 12. Rxh7 Rxh7 13. gxh7 Nxh7 14. Qxd4 Qf6
15. Qg4 Qg5 1/2-1/2

[Event "XXV Festival Conca della Presolana A"]
[Site "Bratto - Castione della Presolana ITA"]
[Date "2005.08.28"]
[Round "9"]
[White "Andreoli, Renato"]
[Black "Temi, Walter"]
[Result "1-0"]
[WhiteElo "2154"]
[BlackElo "2092"]
[PlyCount "37"]
[EventDate "2005.08.20"]

1. Nf3 Nf6 2. c4 g6 3. Nc3 Bg7 4. d4 d5 5. e3 O-O 6. b4 Be6 7. Bb2 dxc4 8. Ng5
Bd5 9. e4 h6 10. Nxd5 Nxe4 11. Nxe4 Qxd5 12. Qf3 Qe6 13. d5 Qb6 14. Bxg7 Kxg7
15. Qc3+ Kh7 16. Bxc4 f5 17. Nc5 a5 18. Ne6 Rf6 19. bxa5 1-0

[Event "XXV Festival Conca della Presolana A"]
[Site "Bratto - Castione della Presolana ITA"]
[Date "2005.08.28"]
[Round "9"]
[White "Ardaman, Miles"]
[Black "Vezzosi, Paolo"]
[Result "0-1"]
[WhiteElo "2308"]
[BlackElo "2380"]
[PlyCount "115"]
[EventDate "2005.08.20"]

1. Nc3 d5 2. e4 d4 3. Nce2 c5 4. Nf3 Nc6 5. Ng3 a6 6. Bc4 e6 7. e5 Qc7 8. Qe2
g5 9. h3 Bg7 10. Nh5 Bxe5 11. Nxg5 h6 12. Nf3 Bd7 13. d3 Bd6 14. Ng7+ Kd8 15.
a3 Nf6 16. Nh4 Bf8 17. Nh5 Nxh5 18. Qxh5 Qe5+ 19. Qxe5 Nxe5 20. Ba2 Bc6 21. Bf4
Bd6 22. Ke2 Kd7 23. Bd2 Be7 24. Nf3 Nxf3 25. gxf3 Bg5 26. Ba5 Bd8 27. Bd2 Bg5
28. Ba5 Rhe8 29. h4 Bf4 30. Rhg1 Rg8 31. Bb6 Bd6 32. Bb3 Bd5 33. Ba4+ Bc6 34.
Bb3 Bd5 35. Ba4+ Bc6 36. Bb3 Be7 37. f4 Bd5 38. Ba4+ Bc6 39. Bb3 Bxh4 40. Bxc5
Bf6 41. Rg3 h5 42. Rag1 Rge8 43. f3 h4 44. Rg4 Rac8 45. Bb4 Rh8 46. Be1 Rh5 47.
Rf1 h3 48. Bg3 a5 49. a4 b5 50. axb5 Bxb5 51. Kd1 a4 52. Ba2 Rhc5 53. f5 exf5
54. Rf4 Bxd3 55. Bxf7 Rxc2 56. Re1 Rc1+ 57. Kd2 Rxe1 58. Kxe1 0-1

[Event "XXV Festival Conca della Presolana A"]
[Site "Bratto - Castione della Presolana ITA"]
[Date "2005.08.28"]
[Round "9"]
[White "Atalik, Suat"]
[Black "Drasko, Milan"]
[Result "1/2-1/2"]
[WhiteElo "2561"]
[BlackElo "2516"]
[PlyCount "48"]
[EventDate "2005.08.20"]

1. d4 e6 2. c4 Nf6 3. Nc3 Bb4 4. Qc2 O-O 5. a3 Bxc3+ 6. Qxc3 b6 7. Bg5 c5 8.
dxc5 bxc5 9. e3 Nc6 10. Nf3 Rb8 11. Bd3 h6 12. Bh4 d6 13. O-O-O e5 14. Bc2 Qe7
15. Bxf6 Qxf6 16. Nd2 Bf5 17. Bxf5 Qxf5 18. f3 Qg6 19. g4 Rb6 20. Ne4 Ne7 21.
g5 Rfb8 22. Rhg1 Nf5 23. Rd2 Rb3 24. Qa5 Qe6 1/2-1/2

[Event "XXV Festival Conca della Presolana A"]
[Site "Bratto - Castione della Presolana ITA"]
[Date "2005.08.28"]
[Round "9"]
[White "Baldazzi, Stefano"]
[Black "Vinciguerra, Marco"]
[Result "1-0"]
[WhiteElo "2165"]
[BlackElo "2096"]
[PlyCount "65"]
[EventDate "2005.08.20"]

1. c4 Nf6 2. g3 g6 3. Bg2 Bg7 4. Nc3 O-O 5. d3 c6 6. e4 d6 7. Nge2 Nbd7 8. O-O
Nb6 9. f4 e5 10. h3 d5 11. cxd5 cxd5 12. fxe5 Nfd7 13. d4 dxe4 14. Nxe4 Nd5 15.
Kh2 h6 16. N2c3 N7b6 17. Nd6 Be6 18. Nxb7 Qc7 19. Nc5 Bxe5 20. dxe5 Qxc5 21.
Ne4 Qb4 22. Bxh6 Qxb2 23. Rf2 Qxe5 24. Bxf8 Rxf8 25. Rc1 Kg7 26. Qd2 Rh8 27.
Ng5 Ne3 28. Nxe6+ fxe6 29. Qb2 Qxb2 30. Rxb2 Nbd5 31. Re1 Kf6 32. Rbe2 Nxg2 33.
Rxe6+ 1-0

[Event "XXV Festival Conca della Presolana A"]
[Site "Bratto - Castione della Presolana ITA"]
[Date "2005.08.28"]
[Round "9"]
[White "Bartolozzi, Roberto"]
[Black "Agnelli, Francesco"]
[Result "0-1"]
[WhiteElo "2126"]
[BlackElo "2055"]
[PlyCount "52"]
[EventDate "2005.08.20"]

1. Nf3 g6 2. d4 Bg7 3. Bf4 d6 4. e3 Nf6 5. h3 O-O 6. Nbd2 b6 7. Be2 Bb7 8. O-O
Nbd7 9. c3 Nd5 10. Bh2 e5 11. a4 Kh8 12. a5 f5 13. a6 Bc8 14. dxe5 Nxe5 15.
Nxe5 dxe5 16. Nf3 e4 17. Ne5 Be6 18. Qa4 Qg5 19. Qc6 Rae8 20. Bc4 f4 21. exf4
Nxf4 22. Bxf4 Qxf4 23. Nxg6+ hxg6 24. Bxe6 e3 25. Ra4 exf2+ 26. Kh1 Rxe6 0-1

[Event "XXV Festival Conca della Presolana A"]
[Site "Bratto - Castione della Presolana ITA"]
[Date "2005.08.28"]
[Round "9"]
[White "Bellia, Fabrizio"]
[Black "Salvador, Roland"]
[Result "1/2-1/2"]
[WhiteElo "2375"]
[BlackElo "2416"]
[PlyCount "95"]
[EventDate "2005.08.20"]

1. e4 c5 2. c3 Nf6 3. e5 Nd5 4. d4 cxd4 5. Nf3 e6 6. cxd4 d6 7. Bd3 Nc6 8. exd6
Bxd6 9. O-O Bd7 10. Nc3 Nxc3 11. bxc3 Qa5 12. Bd2 Qh5 13. Rb1 O-O 14. Re1 b6
15. Re4 f5 16. Rh4 Qe8 17. Qe2 h6 18. Re1 Rf6 19. Ne5 Bxe5 20. dxe5 Rf7 21. g4
Ne7 22. g5 Bc6 23. Qh5 Bb7 24. Be2 Rd8 25. Be3 Qc6 26. f3 Qxc3 27. Kf2 f4 28.
Rxf4 Rxf4 29. Bxf4 Rf8 30. gxh6 Rxf4 31. Rg1 g6 32. Rxg6+ Nxg6 33. Qxg6+ Kf8
34. Qg7+ Ke8 35. Qxb7 Qxe5 36. Qa8+ Kf7 37. Qxa7+ Kg6 38. Bd3+ Kh5 39. Qg7 Rf6
40. Bg6+ Kh4 41. Be4 Qxh2+ 42. Kf1 Qf4 43. h7 Qc1+ 44. Ke2 Qb2+ 45. Ke1 Qc1+
46. Ke2 Qb2+ 47. Ke1 Qc1+ 48. Ke2 1/2-1/2

[Event "XXV Festival Conca della Presolana A"]
[Site "Bratto - Castione della Presolana ITA"]
[Date "2005.08.28"]
[Round "9"]
[White "Bentivegna, Francesco"]
[Black "Mogranzini, Roberto"]
[Result "0-1"]
[WhiteElo "2225"]
[BlackElo "2363"]
[PlyCount "58"]
[EventDate "2005.08.20"]

1. e4 c5 2. c3 d5 3. exd5 Qxd5 4. d4 g6 5. Nf3 Bg7 6. c4 Qd6 7. d5 e5 8. Nc3
Ne7 9. Bg5 f6 10. Be3 Na6 11. Be2 Nf5 12. Bd2 O-O 13. Ne4 Nd4 14. Nxd4 cxd4 15.
b4 f5 16. b5 fxe4 17. bxa6 e3 18. fxe3 Qf6 19. Bf3 e4 20. O-O exf3 21. Rxf3
Qxa6 22. Rxf8+ Kxf8 23. Qf3+ Qf6 24. Qg3 Kg8 25. e4 Bd7 26. Re1 Re8 27. Bg5 Qb6
28. e5 d3+ 29. Be3 Bxe5 0-1

[Event "XXV Festival Conca della Presolana A"]
[Site "Bratto - Castione della Presolana ITA"]
[Date "2005.08.28"]
[Round "9"]
[White "Bertagia, Roldano"]
[Black "Cereda, Loris"]
[Result "0-1"]
[WhiteElo "2002"]
[BlackElo "2059"]
[PlyCount "52"]
[EventDate "2005.08.20"]

1. e4 e5 2. Nf3 Nc6 3. Bc4 Bc5 4. O-O Nf6 5. Nc3 d6 6. h3 O-O 7. d3 Na5 8. Bb3
c6 9. Be3 Bxe3 10. fxe3 Nxb3 11. axb3 Qe7 12. Qe1 Be6 13. Qh4 h6 14. g4 Rfe8
15. Rf2 Nh7 16. Qg3 Ng5 17. Nh4 Kh7 18. Raf1 Qd7 19. Nf5 f6 20. Ne2 Rg8 21. h4
Nf7 22. h5 d5 23. exd5 cxd5 24. d4 Ng5 25. Qh2 e4 26. Rf4 Nf3+ 0-1

[Event "XXV Festival Conca della Presolana A"]
[Site "Bratto - Castione della Presolana ITA"]
[Date "2005.08.28"]
[Round "9"]
[White "Bonazzi, Edoardo"]
[Black "Cardili, Mariano"]
[Result "1-0"]
[WhiteElo "2143"]
[BlackElo "2076"]
[PlyCount "80"]
[EventDate "2005.08.20"]

1. Nf3 d5 2. c4 c6 3. g3 Nf6 4. Bg2 e6 5. b3 Nbd7 6. Bb2 Bd6 7. d4 O-O 8. O-O
Re8 9. Nc3 b6 10. Qc2 Bb7 11. e4 dxe4 12. Ng5 Bf8 13. Rad1 g6 14. Ncxe4 Qe7 15.
Rfe1 Rad8 16. h4 Nxe4 17. Nxe4 Nf6 18. Nxf6+ Qxf6 19. d5 e5 20. dxc6 Rxd1 21.
Qxd1 Bxc6 22. Bxc6 Qxc6 23. Rxe5 Bg7 24. Rxe8+ Qxe8 25. Bxg7 Kxg7 26. Qd4+ Kg8
27. c5 bxc5 28. Qxc5 Qd7 29. a4 f5 30. Qc4+ Kf8 31. a5 Ke7 32. b4 Kd8 33. b5
Qd1+ 34. Kg2 Qd7 35. Qc5 Qb7+ 36. Kg1 Kd7 37. Qd4+ Ke6 38. b6 axb6 39. Qxb6+
Qxb6 40. axb6 Kd6 1-0

[Event "XXV Festival Conca della Presolana A"]
[Site "Bratto - Castione della Presolana ITA"]
[Date "2005.08.28"]
[Round "9"]
[White "Borgo, Giulio"]
[Black "Godena, Michele"]
[Result "1/2-1/2"]
[WhiteElo "2380"]
[BlackElo "2522"]
[PlyCount "32"]
[EventDate "2005.08.20"]

1. e4 e5 2. Nf3 Nc6 3. Bb5 a6 4. Ba4 Nf6 5. O-O b5 6. Bb3 Bc5 7. a4 Bb7 8. d3
b4 9. Nbd2 d6 10. Nc4 h6 11. c3 bxc3 12. bxc3 O-O 13. Rb1 Rb8 14. Ba2 Qd7 15.
Be3 Bxe3 16. Nxe3 Ne7 1/2-1/2

[Event "XXV Festival Conca della Presolana A"]
[Site "Bratto - Castione della Presolana ITA"]
[Date "2005.08.28"]
[Round "9"]
[White "Bresciani, Nicola"]
[Black "Cedriano, Filippo"]
[Result "1/2-1/2"]
[WhiteElo "2289"]
[BlackElo "2005"]
[PlyCount "120"]
[EventDate "2005.08.20"]

1. e4 c5 2. Nf3 g6 3. d4 cxd4 4. Nxd4 Bg7 5. c4 Nc6 6. Be3 Nf6 7. Nc3 Ng4 8.
Qxg4 Nxd4 9. Qd1 Ne6 10. Qd2 d6 11. Be2 Bd7 12. O-O O-O 13. Nd5 Nc5 14. f3 Be6
15. Rac1 Nd7 16. b4 b6 17. f4 Nf6 18. Bf3 Rc8 19. Rfd1 Nxd5 20. cxd5 Bd7 21.
Be2 Ba4 22. Rxc8 Qxc8 23. Rc1 Qd7 24. Ba6 Bb5 25. Bxb5 Qxb5 26. Bd4 Bxd4+ 27.
Qxd4 Qe2 28. a3 e6 29. h3 exd5 30. exd5 Re8 31. Rc7 Re7 32. Rc8+ Re8 33. Rxe8+
Qxe8 34. Qf6 Qd7 35. Kh2 h5 36. Kg3 Kf8 37. Kh4 Qc7 38. Kg5 b5 39. Kh6 Ke8 40.
f5 gxf5 41. Qxf5 Qc1+ 42. Kg7 Qc3+ 43. Kh6 Qh8+ 44. Kg5 Qg7+ 45. Kxh5 Qxg2 46.
Qc8+ Ke7 47. Qc7+ Ke8 48. Qb8+ Ke7 49. Qxa7+ Kf8 50. Qb8+ Kg7 51. Qxd6 Qxh3+
52. Kg5 Qg2+ 53. Kh4 Qe4+ 54. Kh3 Qf5+ 55. Kg3 Qd3+ 56. Kf4 Qd2+ 57. Ke4 Qe2+
58. Kd4 Qf2+ 59. Kd3 Qf3+ 60. Kd4 Qf2+ 1/2-1/2

[Event "XXV Festival Conca della Presolana A"]
[Site "Bratto - Castione della Presolana ITA"]
[Date "2005.08.28"]
[Round "9"]
[White "Buchicchio, Giampaolo"]
[Black "Dvirnyy, Danyyil"]
[Result "0-1"]
[WhiteElo "2326"]
[BlackElo "2141"]
[PlyCount "60"]
[EventDate "2005.08.20"]

1. e4 c5 2. c3 d6 3. d4 cxd4 4. cxd4 Nf6 5. Nc3 g6 6. h3 Bg7 7. Nf3 O-O 8. Bd3
Nc6 9. Be3 e5 10. d5 Ne7 11. Nd2 Ne8 12. Qb3 f5 13. f3 Kh8 14. g4 Ng8 15. O-O-O
Bh6 16. Bxh6 Nxh6 17. exf5 gxf5 18. f4 Nf7 19. g5 exf4 20. h4 Ne5 21. Bc2 b5
22. Ne2 a5 23. Nxf4 Qb6 24. h5 Ra7 25. Rdg1 a4 26. Qb4 Rc7 27. Rf1 Qe3 28. Rh3
Qxh3 29. Qd4 Qg4 30. Kb1 Qxg5 0-1

[Event "XXV Festival Conca della Presolana A"]
[Site "Bratto - Castione della Presolana ITA"]
[Date "2005.08.28"]
[Round "9"]
[White "Buono, Michele"]
[Black "Zanellato, Lorenzo"]
[Result "1/2-1/2"]
[WhiteElo "2133"]
[BlackElo "2087"]
[PlyCount "55"]
[EventDate "2005.08.20"]

1. e4 c6 2. d4 d5 3. Nc3 dxe4 4. Nxe4 Bf5 5. Ng3 Bg6 6. Nf3 Nd7 7. h4 h6 8. Bd3
Bxd3 9. Qxd3 Ngf6 10. Bd2 Qc7 11. O-O-O O-O-O 12. Ne4 Nxe4 13. Qxe4 e6 14. Bf4
Bd6 15. Bxd6 Qxd6 16. Ne5 Nxe5 17. dxe5 Qe7 18. Qg4 g6 19. Qf4 Rd5 20. Kb1 h5
21. c4 Rxd1+ 22. Rxd1 Rd8 23. Rd6 c5 24. a3 Kc7 25. g3 b6 26. Qf3 Rxd6 27.
exd6+ Kxd6 28. Qa8 1/2-1/2

[Event "XXV Festival Conca della Presolana A"]
[Site "Bratto - Castione della Presolana ITA"]
[Date "2005.08.28"]
[Round "9"]
[White "Capone, Vincenzo"]
[Black "Cardini, Saverio"]
[Result "1/2-1/2"]
[WhiteElo "2123"]
[BlackElo "2010"]
[PlyCount "38"]
[EventDate "2005.08.20"]

1. e4 e5 2. Nf3 Nc6 3. Bb5 a6 4. Ba4 Nf6 5. O-O b5 6. Bb3 Bc5 7. c3 d6 8. a4
Bb7 9. Re1 O-O 10. d3 h6 11. h3 Bb6 12. Nbd2 Ne7 13. Nf1 Ng6 14. Ng3 Nf4 15.
Be3 Bxe3 16. Rxe3 g6 17. Nh2 Qe7 18. Ng4 Nxg4 19. Qxg4 Kh7 1/2-1/2

[Event "XXV Festival Conca della Presolana A"]
[Site "Bratto - Castione della Presolana ITA"]
[Date "2005.08.28"]
[Round "9"]
[White "Caruso, Augusto"]
[Black "Sautto, Daniele"]
[Result "1-0"]
[WhiteElo "2259"]
[BlackElo "2136"]
[PlyCount "83"]
[EventDate "2005.08.20"]

1. d4 Nf6 2. Nc3 d5 3. Bg5 Bf5 4. f3 Bg6 5. Nh3 e6 6. Nf4 Be7 7. h4 h6 8. Nxg6
fxg6 9. Be3 c5 10. Qd3 cxd4 11. Qxg6+ Kf8 12. Bxd4 Nc6 13. O-O-O Nxd4 14. Rxd4
Qb6 15. e3 Nd7 16. Nd1 Bf6 17. Rf4 Rc8 18. Bd3 Ke7 19. Qg3 Be5 20. Qg6 Bf6 21.
Qg3 Be5 22. Qg4 Bxf4 23. Qxg7+ Kd6 24. exf4 Rcg8 25. Qc3 Qc7 26. Qd2 Nc5 27. g4
Nxd3+ 28. Qxd3 Qf7 29. Qd4 Rf8 30. f5 exf5 31. Qxa7 Qc7 32. Ne3 fxg4 33. Rd1
Ke6 34. Nxd5 Qc6 35. Qe3+ Kf7 36. Qe7+ Kg8 37. Rg1 h5 38. Qg5+ Kf7 39. fxg4 Qh6
40. Rf1+ Ke8 41. Nf6+ Ke7 42. Ng8+ 1-0

[Event "XXV Festival Conca della Presolana A"]
[Site "Bratto - Castione della Presolana ITA"]
[Date "2005.08.28"]
[Round "9"]
[White "Castelfranchi, Carlo"]
[Black "Radice, Luca"]
[Result "1/2-1/2"]
[WhiteElo "2073"]
[BlackElo "2100"]
[PlyCount "86"]
[EventDate "2005.08.20"]

1. e4 e6 2. d4 d5 3. Nd2 Nc6 4. Ngf3 Nf6 5. e5 Nd7 6. Bb5 Ncb8 7. O-O b6 8. Qe2
a5 9. a4 Ba6 10. Re1 c6 11. Bxa6 Nxa6 12. Nf1 Be7 13. Ng3 h5 14. h4 Bxh4 15.
Nxh4 Qxh4 16. Be3 Nc7 17. Rac1 c5 18. Red1 Qg4 19. Qxg4 hxg4 20. c4 cxd4 21.
Bxd4 dxc4 22. Rxc4 Nd5 23. Rdc1 f5 24. exf6 gxf6 25. b3 O-O 26. Bb2 f5 27. Rc6
Nc5 28. Rd1 Rac8 29. Rxc8 Rxc8 30. Nxf5 exf5 31. Rxd5 Nxb3 32. Rxf5 Rc4 33. Rf6
Rxa4 34. Rxb6 Rb4 35. Rxb4 axb4 36. Kf1 Kf7 37. Ke2 Ke6 38. Kd3 Kd5 39. f4 Nc5+
40. Ke3 Na4 41. Bd4 b3 42. f5 Nc5 43. Bb2 Na4 1/2-1/2

[Event "XXV Festival Conca della Presolana A"]
[Site "Bratto - Castione della Presolana ITA"]
[Date "2005.08.28"]
[Round "9"]
[White "Corvi, Marco"]
[Black "Brunner, Nicolas"]
[Result "1/2-1/2"]
[WhiteElo "2317"]
[BlackElo "2386"]
[PlyCount "21"]
[EventDate "2005.08.20"]

1. c4 Nf6 2. Nc3 e6 3. e4 d5 4. e5 d4 5. exf6 dxc3 6. bxc3 Qxf6 7. Nf3 e5 8. d4
exd4 9. Bg5 Qe6+ 10. Be2 Be7 11. Nxd4 1/2-1/2